[Event "2nd San Marino Open"]
[Site "?"]
[Date "2006.06.10"]
[Round "8"]
[White "Akobian, V."]
[Black "Tiviakov, S."]
[Result "1-0"]
[WhiteElo "2575"]
[BlackElo "2669"]
[Annotator "GM Akobian"]
[PlyCount "77"]
[EventDate "2006.??.??"]
[WhiteTeam "USA"]
[BlackTeam "USA"]
[WhiteTeamCountry "USA"]
[BlackTeamCountry "USA"]

1. d4 Nf6 2. c4 e6 3. Nf3 b6 4. a3 Ba6 5. e3 d5 6. Nbd2 Be7 7. b4 O-O 8. Bb2
dxc4 9. Bxc4 Bxc4 10. Nxc4 a5 11. bxa5 b5 12. Nce5 Rxa5 13. a4 (13. O-O $5)
13... bxa4 (13... Bb4+ $142 14. Ke2 Qd5 15. axb5 Rxa1 16. Bxa1 Nbd7 (16...
Qxb5+ 17. Qd3 $14) 17. Nd3 $11) 14. Rxa4 c5 15. O-O Rxa4 16. Qxa4 Qb6 $6 (16...
cxd4 17. Bxd4 $14) 17. Ba3 $14 Qa6 18. Qxa6 Nxa6 19. Rc1 Ne4 (19... Ra8 20.
Bxc5 Bxc5 21. dxc5 Nxc5 22. Ng5 Nb3 23. Rb1 Nd2 24. Rd1 Nd5 25. h4 $14) 20. Ne1
$1 Ra8 21. f3 Bg5 22. Nc4 $1 Nc7 23. fxe4 Rxa3 24. Rb1 Ra8 25. dxc5 Kf8 26. Nf3
Ra4 27. Nfd2 Ke7 28. Kf2 Ra2 29. Kf3 Rc2 30. c6 Ra2 31. Rb7 Kd8 32. Nb3 Ra6 33.
Ne5 f6 (33... Bf6 34. Nxf7+ Kc8 35. Nd6+ Kd8 36. e5 Rxc6 37. Nd4 $18) 34. Nf7+
Kc8 35. Nd6+ Kd8 36. Nd4 Ra3 37. Nxe6+ Ke7 (37... Nxe6 38. Rd7#) 38. Nf5+ Kxe6
39. Rxc7 1-0

[Event "GM Sligfest"]
[Site "?"]
[Date "2006.10.14"]
[Round "3"]
[White "Akobian, V."]
[Black "Mikhalevski, V."]
[Result "1-0"]
[WhiteElo "2598"]
[BlackElo "2580"]
[Annotator "GM Akobian"]
[PlyCount "131"]
[EventDate "2006.10.14"]

1. d4 Nf6 2. c4 g6 3. Nc3 d5 4. Bg5 Ne4 5. Bh4 Nxc3 6. bxc3 dxc4 7. e3 Be6 8.
Qb1 b6 9. Nf3 Bh6 10. Be2 Nc6 11. O-O O-O 12. Ng5 Bxg5 13. Bxg5 Qd5 14. Bh6 Bf5
15. Qc1 Rfe8 16. f3 Bd3 17. e4 Qb5 18. a4 Qh5 19. Bxd3 cxd3 20. Rd1 Na5 21. Rb1
c5 22. Rxd3 Rad8 (22... cxd4 23. Rb5 $1 e5 24. cxd4 Rac8 25. Qg5 Qxg5 26. Bxg5
exd4 27. Rxd4 $16) 23. Bf4 f6 24. Qc2 g5 25. Bg3 c4 26. Rdd1 Nb3 27. Qe2 Rc8
28. d5 Red8 29. e5 f5 30. e6 f4 31. Bf2 Qg6 32. h4 Qf5 33. hxg5 Rxd5 34. Rxd5
Qxd5 35. Rd1 Qxg5 36. Rd7 Nc5 $2 $138 (36... Nc1 37. Qe4 Nd3 38. Bd4 Nc5 39.
Rc7 Rd8 40. Qe2 $14) 37. Qxc4 Qf6 (37... Nxd7 38. Qxc8+ Nf8 39. Qb8 $18) 38.
Rxa7 Rd8 39. Bd4 Qh4 40. Qe2 Nb3 41. Rd7 Rc8 42. Bxb6 Rxc3 43. Rd1 Qf6 44. a5
Rc6 45. Qb5 Qxe6 46. Qg5+ Kf7 47. Qxf4+ Kg6 48. Qb4 $1 Kf7 49. Re1 (49. Rb1
$142 Nc1 50. Qf4+ Qf6 51. Qxf6+ exf6 52. a6 $18) 49... Rc4 50. Rxe6 Rxb4 51.
Re4 Rb5 52. Ra4 Nc1 53. a6 Ne2+ 54. Kf1 Nc3 55. Ra1 Nd5 56. Bf2 Nc7 57. a7 Na8
58. Rc1 Ra5 59. g3 Rg5 60. Rc8 Rg8 61. Rb8 Re8 62. Ke2 h5 63. Kd3 Nc7 64. Kc4
e5 65. Rb7 Re7 66. Bc5 1-0

[Event "GM Slugfest"]
[Site "?"]
[Date "2006.10.15"]
[Round "6"]
[White "Akobian, V."]
[Black "Shabalov, A."]
[Result "1-0"]
[WhiteElo "2598"]
[BlackElo "2604"]
[Annotator "GM Akobian"]
[PlyCount "73"]
[EventDate "2006.??.??"]

1. d4 Nf6 2. c4 g6 3. Nc3 Bg7 4. e4 O-O 5. Nf3 d6 6. Be2 c6 7. O-O a6 8. h3 b5
9. a3 Nbd7 10. Be3 bxc4 11. Bxc4 d5 12. Bd3 dxe4 13. Nxe4 Nd5 14. Bg5 h6 15.
Bd2 Qb6 16. b4 Rd8 17. Rc1 Nf8 18. Qa4 Ne6 19. Rxc6 $1 (19. Qxc6 Qxc6 20. Rxc6
Bb7 (20... Ndf4 21. Rc3 Bxd4 22. Nxd4 Rxd4 23. Bxf4 Nxf4 24. Nc5 a5 $11) 21.
Rxe6 fxe6 22. Nc5 $16) 19... Qb8 20. Qa5 $1 Ndf4 21. Bxf4 Qxf4 22. Nc5 $1 Bxd4
23. Nxd4 Rxd4 24. Bxa6 Nxc5 25. Qxc5 $1 Bd7 (25... Bxa6 26. Rxa6 Rxa6 27. Qc8+
Kg7 28. Qxa6 $16) 26. Rc7 Kg7 (26... Rxa6 27. Rxd7 Rxd7 28. Qc8+ Kg7 29. Qxa6
Rd2 30. b5 $16) 27. b5 $18 e5 28. Re1 Re8 29. b6 Bxh3 30. gxh3 Qg5+ 31. Kf1 Qf5
32. Bb7 Qxh3+ 33. Bg2 Qd3+ 34. Kg1 Rg4 35. Re7 Rxe7 36. Qxe7 Rg5 37. b7 1-0

[Event "Festival De Ajedrez"]
[Site "?"]
[Date "2007.04.07"]
[Round "4"]
[White "Akobian, V."]
[Black "Karpov, A."]
[Result "1/2-1/2"]
[WhiteElo "2574"]
[BlackElo "2668"]
[Annotator "GM Akobian"]
[PlyCount "133"]
[EventDate "2007.02.16"]

1. d4 {20} Nf6 {25} 2. c4 e6 3. Nf3 b6 4. g3 Ba6 5. b3 Bb4+ 6. Bd2 Be7 7. Bg2
c6 8. O-O (8. Bc3 O-O 9. O-O d5 10. Ne5 Nfd7 11. Nxd7 Nxd7 12. Nd2 $14) 8... d5
9. Ne5 Nfd7 10. Bf4 Nxe5 11. Bxe5 O-O 12. Nd2 Nd7 13. Bf4 Bf6 14. e3 (14. Bd6
Bxd4 15. Rc1 Re8) 14... Qe7 15. h4 e5 16. dxe5 Nxe5 17. Qc2 Rad8 18. Bxe5 Bxe5
19. Rac1 d4 20. exd4 Bxd4 21. Nf3 Bf6 22. Rfe1 (22. Ng5 Bxg5 23. Rfe1 Rd2 $1
$17) 22... Qc5 23. Nd2 Qa5 24. Ne4 Be7 25. Re2 (25. Nc3 $1 $11) 25... Bc8 26.
Ng5 Bxg5 27. hxg5 Bg4 28. Re3 Rd2 29. Qc3 Rxa2 30. Qxa5 Rxa5 31. Bxc6 Rxg5 32.
Bd5 h5 33. Re7 a5 34. Rce1 Rf5 35. Rb7 Rf6 36. Ree7 g6 37. Kg2 Bd1 38. Re3 Bc2
39. Rc3 Bf5 40. Re3 Kg7 41. Ree7 g5 42. Re5 Kg6 43. Re3 g4 44. b4 axb4 45. Rb3
Rd8 46. Rxb4 Rdd6 47. Rb8 Kg7 48. Rb2 Be6 49. Bxe6 Rdxe6 50. Rd8 Rc6 51. Rd5
Rxc4 52. Rxh5 Rc5 53. Rh4 Rg6 54. Rb4 f5 55. Rh1 b5 56. Rhb1 Rb6 57. R1b2 Kg6
58. f3 gxf3+ 59. Kxf3 Kg5 60. R2b3 Rd6 61. Rf4 Rdd5 62. g4 Rc4 63. Rxf5+ Rxf5+
64. gxf5 b4 65. Ke3 Kxf5 66. Kd2 Ke4 67. Rh3 1/2-1/2

[Event "World Open"]
[Site "?"]
[Date "2007.07.02"]
[Round "5"]
[White "Akobian, V."]
[Black "Stripunsky, A."]
[Result "1-0"]
[WhiteElo "2570"]
[BlackElo "2589"]
[Annotator "GM Akobian"]
[PlyCount "81"]
[EventDate "2007.??.??"]

1. d4 d5 2. Nf3 c6 3. c4 Nf6 4. Nc3 e6 5. Bg5 h6 6. Bh4 dxc4 7. e4 g5 8. Bg3 b5
9. Be2 Bb7 10. O-O Nbd7 11. Ne5 h5 12. Nxd7 Qxd7 13. Be5 Rh6 14. Qc1 Qe7 $6 (
14... Rg6) 15. Qxg5 Nd7 16. Bf4 $1 Qxg5 17. Bxg5 Rh8 18. e5 Be7 19. f4 b4 20.
Na4 (20. Bxe7 Kxe7 21. Ne4 c5 22. Nd6 Bd5 23. Bxc4 Bxc4 24. Nxc4 cxd4 25. Rad1
$18) (20. Ne4 c5 21. Bxe7 Bxe4 22. Bxc5 Nxc5 23. dxc5 Rg8 24. Rf2 Rc8 25. a3
bxa3 26. Rxa3 Rxc5 27. Rc3 Bd5 28. Bxh5 $16) 20... Ba6 (20... c5 21. Bxc4 cxd4
22. Bb5 $1 Rg8 23. Rac1 Bxg5 24. fxg5 $18) 21. b3 $1 Bb5 22. Bxc4 Bxa4 $6 (
22... Bxc4 23. bxc4 Nb6 24. Nb2 Rd8 25. Rad1 $16) 23. bxa4 Nb6 24. Bb3 Rd8 25.
Rac1 Rxd4 26. Rxc6 Kd7 27. Rfc1 Rc8 28. Rxc8 Nxc8 29. Rd1 Rxd1+ 30. Bxd1 Bxg5
31. fxg5 Nb6 (31... h4 32. Kf2 Nb6 33. Kf3 a5 34. Kg4 Kc6 35. Kxh4 Kd5 36. Bb3+
Kxe5 37. Kg4 Kd4 38. h4 $18) 32. h4 $1 $18 Ke7 33. Kf2 Nc4 34. Bxh5 Nxe5 35.
Be2 (35. Ke3) 35... Nd7 36. a5 Nc5 37. Ke3 a6 38. Kd4 b3 (38... Nb7 39. Kc4
Nxa5+ 40. Kxb4 Nc6+ 41. Kc5 Ne5 42. Bxa6 $18) 39. axb3 Nxb3+ 40. Kc3 $1 Nxa5 (
40... Nc5 41. Kb4 Kd6 42. h5 Ne4 43. g6 fxg6 44. hxg6 Nf6 45. Bxa6 $18) 41. Bf3
$1 1-0

[Event "Continental Championship"]
[Site "?"]
[Date "2007.07.14"]
[Round "5"]
[White "Akobian, V."]
[Black "Spraggett, K."]
[Result "1-0"]
[WhiteElo "2570"]
[BlackElo "2585"]
[Annotator "GM Akobian"]
[PlyCount "147"]
[EventDate "2007.07.06"]

1. d4 f5 2. Nc3 Nf6 3. Bg5 d5 4. Bxf6 exf6 5. e3 Be6 6. Qf3 Nc6 7. Bb5 Qd6 8.
Nge2 O-O-O 9. a3 Kb8 10. Na4 Ne7 11. Nc5 Bc8 $11 12. g3 h5 13. h4 g6 14. b4 Bh6
15. c3 Ka8 16. a4 a6 17. Bd3 Rhe8 18. Kd2 Ka7 19. a5 c6 20. Nf4 Rh8 21. Kc2
Rdg8 22. Rab1 Rh7 23. Qe2 Re8 24. Rb2 g5 25. Nxh5 Reh8 26. Rhb1 $5 (26. hxg5
fxg5 27. g4 Bg7 28. Rbb1 $16) 26... Bf8 27. b5 $1 cxb5 28. Bxb5 axb5 29. Rxb5
Ng8 $1 (29... Nc6 30. Rxb7+ Bxb7 31. Rxb7+ Rxb7 32. Qa6+ Kb8 33. Qxb7#) 30. Rb6
Qc7 31. Qb5 $1 $18 (31. Rxb7+ Bxb7 32. Rxb7+ Qxb7 33. Nxb7 Rxb7 34. Qf3 $16)
31... Bxc5 32. dxc5 f4 33. a6 $1 Bf5+ (33... bxa6 34. Ra1 Bb7 35. Qxa6+ Kb8 36.
Qa8#) 34. Kc1 Bxb1 35. Rxb7+ Qxb7 36. axb7 Rxb7 37. Qa5+ $138 Kb8 38. Qd8+ Ka7
39. c6 Rb5 40. Qd7+ $1 Kb6 41. c7 Ne7 42. Qxe7 (42. Qd8 $142 $1 $18) 42... Be4
43. exf4 Rb1+ 44. Kd2 Ra8 45. c8=N+ $6 (45. Nxf6 $142 Ra2+ 46. Ke3 Re1+ 47. Kd4
Ra4+ 48. Ke5 Bf3+ 49. Kd6 Rxe7 50. c8=Q $18) 45... Rxc8 46. Qxf6+ Kb5 47. Qg7
$1 $18 Ka6 48. fxg5 (48. f3 Bxf3 49. Qg6+ $18) 48... Rb2+ 49. Ke3 Rc2 50. Nf6
R8xc3+ 51. Kd4 Rc4+ 52. Ke5 Rxf2 53. Qg8 Rf5+ 54. Kd6 Kb5 55. Qb8+ Ka4 56. Qb2
Rc2 57. Qb6 Rc4 58. g4 Rf3 59. h5 Rb4 60. Qa6+ Kb3 61. h6 Bd3 62. Qa8 Rb6+ 63.
Ke5 Rf1 64. h7 Re1+ 65. Kf4 Rb4+ 66. Kg3 Re3+ 67. Kf2 Rh3 68. Qxd5+ (68. h8=Q
Rf4+ 69. Kg2 Bf1+ 70. Kg1 Rg3+ 71. Kh2 Rg2+ 72. Kh1 $18) 68... Ka4 69. Kg2 Rxh7
70. Qxd3 Rc7 71. Qd1+ Ka3 (71... Ka5 72. Qd8 $18) (71... Kb5 72. Qe2+ Kc6 73.
Qa6+ Rb6 74. Qxb6+ Kxb6 75. Nd5+ Kc6 76. Nxc7 Kxc7 $18) 72. Qa1+ Kb3 73. Qb1+
Ka3 74. Qxb4+ $1 1-0

[Event "Miami Chess Open "]
[Site "Miami USA"]
[Date "2007.09.30"]
[Round "8"]
[White "Akobian, Varuzhan"]
[Black "Shabalov, Alexander"]
[Result "1-0"]
[WhiteElo "2570"]
[BlackElo "2637"]
[Annotator "GM Akobian"]
[PlyCount "99"]
[EventDate "2007.09.26"]

{This games was played in Round 8 and Shabalov wa leading the tournament by 1
point and this was my last chacne to win and catch him.} 1. d4 d5 2. c4 c6 3.
Nf3 Nf6 4. Nc3 e6 5. Bg5 h6 6. Bh4 dxc4 7. e4 g5 8. Bg3 b5 {We both went for
the sharp Moscow Variation which is very popular nowdays among many elite GMs
in Super tournamnet.} 9. Be2 Bb7 10. O-O Nbd7 11. Ne5 h5 12. Nxd7 Qxd7 13. Qc1
Rh6 $146 {Novelty in the recent World Chmpionship in Mexico 2007
Kramnik-Gelfand game black choose here to play Rg8 with an unclear position}
14. Qxg5 {I decidend to go for the most critical variation right away even
though I thought my opponent probably had this position analyzed at home} b4
15. Na4 Nxe4 (15... Qxd4 16. Bf3 Rg6 17. Qc1 $36) 16. Qe3 Nxg3 17. hxg3 ({Also
possible} 17. fxg3 O-O-O 18. Nc5 Bxc5 (18... Qxd4 19. Qxd4 Rxd4 20. Nxb7 $16)
19. dxc5 Qd2 20. Qxd2 Rxd2 21. Bxc4 f5 22. Rad1 Rxb2 23. Rd6 $14 {White is
slightly better}) 17... O-O-O 18. Rfd1 h4 19. Nc5 Qc7 20. g4 ({I think this
move also give with small advantage} 20. gxh4 $5 Rxh4 21. g3 Rh3 (21... Bxc5
22. dxc5 Rg8 23. a3 $1 $14) 22. a3 $1 $14) 20... Rf6 21. Rac1 ({Stronger is to
play} 21. a3 $1 b3 22. Rac1 Bxc5 23. dxc5 Rxd1+ 24. Rxd1 Qf4 25. Bxc4 (25. Qd4
Qxd4 26. Rxd4 c3 27. bxc3 a5 $1 $17) 25... Qxe3 (25... Qxc4 26. Qg5 $18) 26.
fxe3 Rg6 27. Be2 $14) 21... Bxc5 22. dxc5 Rxd1+ 23. Rxd1 Qf4 24. Qd4 $1 {
Diagram [#]Important move I am forcing the trade of the queens and my rook get
the strong d4 square} Qxd4 25. Rxd4 $14 Ba6 $1 {best move if black tries} (
25... c3 26. Rxb4 cxb2 27. Rxb2 Rf4 28. f3 Rd4 29. Kh2 Rd5 30. Rc2 Kd8 31. Kh3
Ke7 32. Kxh4 $16 {white has a big advantage}) 26. Bxc4 Bxc4 27. Rxc4 a5 28. a3
bxa3 29. bxa3 Kd7 30. Ra4 ({if i play the natural move} 30. f3 h3 $1 31. Rd4+
Ke7 32. Ra4 hxg2 33. Kxg2 e5 34. Rxa5 Ke6 35. Ra8 Kd5 $11 {with equal position}
) 30... e5 31. f3 Ke6 $6 {31...h3! would of offer black good drawing chances.}
(31... h3 $1 32. Rxa5 hxg2 33. Kxg2 Ke6 $11) 32. Kh2 Rf4 33. Rxa5 Rc4 34. Kh3
e4 $1 {Good practical chance} (34... Kd5 {if} 35. Kxh4 Rxc5 36. Rxc5+ Kxc5 37.
Kg5 Kd4 38. Kf6 c5 39. Kxf7 c4 40. g5 c3 41. g6 c2 42. g7 c1=Q 43. g8=Q Qxa3
$14) 35. Kxh4 $6 {Here I was getting little bit short on time and played few
inacurate move} ({I should of played simple} 35. fxe4 Rxe4 36. a4 (36. Kxh4 f5
$11) 36... Kd5 37. Ra7 f6 38. Rf7 Ke6 39. Rc7 Kd5 40. a5 Ra4 41. Rd7+ Kxc5 42.
Rf7 Rxa5 43. Rxf6 Ra8 44. g5 Kd5 45. g6 c5 46. Kxh4 c4 47. Kh5 Rg8 48. Rf7 c3
49. Rc7 Kd4 50. g7 c2 51. Kg6 Kd3 52. Kh7 Ra8 53. g8=Q Rxg8 54. Kxg8 Kd2 55. g4
$18) 35... e3 36. Ra8 ({better is} 36. Kg3 $142 f6 37. Ra8 Kd7 38. Rb8 Rxc5 39.
Rb1 Rc3 40. Re1 Rxa3 41. Kf4 c5 42. Rxe3 $16 {with good winnig chances for
white}) 36... Ke5 37. Kg5 $2 ({Here I can play} 37. Rd8 $1 Ra4 (37... Rxc5 38.
Rd3 Kf4 39. Rd4+ Ke5 40. Re4+ $18) 38. Kg3 Rxa3 39. Re8+ Kd4 40. Kf4 Kxc5 41.
Rxe3 Rxe3 42. Kxe3 Kb4 43. Kd2 Kb3 44. f4 Kb2 45. Kd3 Kb3 46. Kd4 Kb4 47. g5
c5+ 48. Ke3 Kb3 49. f5 c4 50. g6 c3 (50... fxg6 51. fxg6 c3 52. g7 c2 53. g8=Q+
$18) 51. gxf7 c2 52. f8=Q c1=Q+ 53. Ke2 $16) 37... Rc2 $2 {here my opponet
returns the favor} (37... Kd4 38. Re8 Kd3 39. Kf6 e2 40. Kxf7 Rxc5 41. f4 Rc4
$19) 38. Re8+ Kd4 39. Kf4 $1 e2 40. Kg3 Kxc5 41. g5 $16 Kd4 42. f4 c5 43. f5
Ra2 44. f6 $1 Rxa3+ 45. Kf2 {Diagram [#] 1-0 black resines game could of
continued} e1=Q+ 46. Rxe1 Ra8 47. Kf3 c4 48. Re4+ Kd3 49. Re7 c3 (49... Rf8 50.
Rd7+ Kc3 51. Ke4 Kb3 52. Rb7+ Kc2 53. Kf5 c3 54. g6 fxg6+ 55. Kxg6 Kd2 56. f7
c2 57. Rd7+ Kc3 58. Kg7 $18) 50. Rd7+ 1-0

[Event "North American Open"]
[Site "?"]
[Date "2007.12.28"]
[Round "4"]
[White "Becerra, Julio"]
[Black "Akobian, Varuzhan"]
[Result "0-1"]
[WhiteElo "2568"]
[BlackElo "2585"]
[Annotator "GM Akobian"]
[PlyCount "64"]
[EventDate "2007.06.30"]

1. e4 e6 2. d4 d5 3. Nc3 Nf6 4. Bg5 Be7 5. e5 Nfd7 6. Bxe7 Qxe7 7. f4 a6 8. Nf3
c5 9. dxc5 Nc6 10. Qd2 Qxc5 11. Bd3 b5 12. a3 O-O 13. Qf2 h6 (13... f6 $5) 14.
Qxc5 Nxc5 15. b4 Nd7 (15... Nxd3+ 16. cxd3 a5 17. Kd2 axb4 18. axb4 Ba6 19.
Rhb1 $16) 16. Kd2 $6 (16. O-O $14) 16... f6 17. exf6 gxf6 18. f5 $6 (18. a4 $1
bxa4 (18... Nxb4 19. axb5 a5 20. Rhe1 $16) 19. Rhb1 Rd8 20. Rxa4 Nb6 21. Raa1
Nc4+ (21... e5 22. b5 $1 $16) 22. Bxc4 dxc4+ 23. Ke3 $16) 18... d4 19. Ne2 e5
20. Ng3 $11 Nb6 21. Nh4 Ne7 22. Rhf1 Nc4+ 23. Bxc4+ bxc4 24. Ne4 c3+ 25. Ke2
Bb7 26. Nc5 Bc6 $17 27. a4 Rfb8 28. Ng6 Nxg6 29. fxg6 Kg7 30. Rf5 Rb6 (30...
Bd5 $142 $1 31. Nd7 (31. Raf1 Bc4+ 32. Nd3 e4 $19) 31... Rxb4 32. Rxf6 (32.
Nxf6 Bc4+ 33. Kf2 Kxg6 34. g4 Be6 35. Rf3 Rb2 $19) 32... Bc4+ 33. Kf3 Rb7 $19)
31. g4 $2 (31. b5 Bd5 $1 32. Nxa6 Be4 $19) (31. Ne6+ Kxg6 32. Raf1 Bf3+ 33.
R5xf3 Rxe6 34. Rg3+ Kf7 35. Kd3 Rb8 36. Rb1 Rd8 37. Re1 f5 $19) 31... Be8 $19
32. a5 Rc6 0-1

[Event "Doeberl Cup"]
[Site "?"]
[Date "2008.03.22"]
[Round "6"]
[White "Ganguly, Surya Shekhar"]
[Black "Akobian, Varuzhan"]
[Result "0-1"]
[WhiteElo "2579"]
[BlackElo "2599"]
[Annotator "GM Akobian"]
[PlyCount "134"]

1. e4 e6 2. d4 d5 3. Nc3 dxe4 4. Nxe4 Nd7 5. Nf3 Ngf6 6. Nxf6+ Nxf6 7. Bg5 h6
8. Bh4 c5 9. dxc5 Bxc5 10. Bd3 O-O 11. Qe2 Qa5+ 12. c3 Be7 13. Ne5 Rd8 14. Rd1
Rd5 15. f4 Qc5 16. Bf2 Qc7 17. O-O b6 18. Bg3 (18. Bc4 Rxd1 19. Rxd1 Bb7 20.
Nxf7 Qc6 21. Nxh6+ gxh6 22. Bxe6+ Kf8 $15) 18... Bb7 19. c4 Rd6 20. f5 exf5 21.
Rxf5 (21. Bxf5 Rxd1 22. Rxd1 Bc5+ 23. Kh1 Re8 $17) 21... Re6 22. Qd2 Bd6 23.
Re1 Rae8 24. Qc3 Nd7 25. Rxf7 Bxe5 $2 (25... Rxe5 $1 26. Rxe5 (26. Bxe5 Rxe5
$19) (26. Ref1 Rg5 $19) 26... Bxe5 27. Rxd7 Qc5+ 28. Bf2 Qc6 $19) 26. Rxe5 Rxe5
27. Rxd7 Qxd7 28. Bxe5 Qe7 29. Bg3 Qg5 30. Bf1 Rf8 31. Bf2 Qf5 32. Qd4 Qb1 33.
a3 Be4 34. b4 Rf6 35. h3 Rg6 36. Kh2 Kh7 37. Bg3 Qc2 38. Qf2 Qc3 39. Qf4 $11
Bb1 40. Qf3 Qxf3 41. gxf3 Re6 42. Bb8 a6 43. Kg3 Rc6 44. Ba7 Kg8 45. c5 b5 46.
Bb8 Re6 47. h4 Ba2 48. Bh3 Rg6+ 49. Kf4 Be6 50. Bf1 Bd5 51. Be5 Kf7 52. Bd4 Re6
53. Bc3 Re8 54. Bd3 g6 55. Bd2 Rd8 56. Bb1 (56. Be3 Bxf3 57. Bxg6+ Kxg6 58.
Kxf3 Kf5 59. Bxh6 Rd3+ 60. Be3 Rxa3 61. Ke2 Ke4 $19) 56... Bxf3 57. Bc3 Bc6 58.
Be5 Rd1 59. Bc2 Rf1+ 60. Kg4 Bd5 61. a4 Rc1 62. Bd3 Bc4 63. Be4 bxa4 64. c6 a3
65. c7 Be6+ 66. Kf4 a2 67. Bb7 Rxc7 0-1

[Event "US Chess Championship"]
[Site "?"]
[Date "2008.05.15"]
[Round "3"]
[White "Akobian, Varuzhan"]
[Black "Gurevich, Dmitry"]
[Result "1-0"]
[WhiteElo "2601"]
[BlackElo "2513"]
[Annotator "GM Akobian"]
[PlyCount "55"]

1. d4 d5 2. c4 e6 3. Nc3 Nf6 4. Nf3 c5 5. cxd5 Nxd5 6. e4 Nxc3 7. bxc3 cxd4 8.
cxd4 Nc6 9. a3 Be7 10. Bd3 O-O 11. Bb2 Qa5+ 12. Kf1 b6 (12... Rd8 13. h4 b6 14.
Qe2 Bb7 15. Rh3 $14) 13. Qe2 $1 Bb7 14. h4 Rac8 15. Rh3 $1 Nb8 16. d5 $1 exd5 (
16... Ba6 17. Nd4 Bxd3 18. Qxd3 $16) 17. Rg3 f6 (17... g6 18. exd5 Bd6 (18...
Qxd5 19. Qxe7 Qxd3+ 20. Kg1 Nd7 21. Ne5 $18) 19. Ng5 $1 Bxg3 (19... Qxd5 20.
Nxh7 Kxh7 21. Rg5 $18) 20. Qh5 $1 gxh5 21. Bxh7#) 18. Nd4 $1 dxe4 19. Qg4 $1
$16 Rf7 (19... g6 $142 20. Qe6+ Rf7 21. Bxe4 $16) 20. Bxe4 h5 $138 21. Qe6 Bxe4
(21... Nc6 22. Bg6 $18) 22. Qxc8+ Kh7 23. Qxb8 Qd2 24. Qe8 $1 $138 Bd5 (24...
Qxb2 25. Qxf7 Qxa1+ 26. Ke2 Bf8 27. Qxf8 Qb2+ 28. Ke3 Bg6 29. Qb4 $18) 25.
Rxg7+ $1 (25. Qb5 Bc5 26. Qe2 $18) 25... Kxg7 26. Nf5+ Kh7 27. Nxe7 Bxg2+ 28.
Kg1 $1 1-0

[Event "Chicago Open"]
[Site "?"]
[Date "2008.05.26"]
[Round "6"]
[White "Paragua, Mark"]
[Black "Akobian, Varuzhan"]
[Result "0-1"]
[WhiteElo "2538"]
[BlackElo "2601"]
[Annotator "GM Akobian"]
[PlyCount "72"]

1. e4 d6 2. d4 Nf6 3. Nc3 c6 4. f4 Qa5 5. Bd3 e5 6. Nf3 Nbd7 7. O-O Be7 8. Kh1
O-O 9. Be3 (9. Qe1 Qc7 10. Be3 Re8 11. fxe5 dxe5 12. Qg3 Nh5 13. Qf2 Nhf6 14.
Bc4 $13) 9... b5 10. Qd2 Qc7 11. a4 b4 12. Ne2 d5 $1 $11 13. fxe5 dxe4 14. exf6
Nxf6 15. Bf4 Qb7 16. Ng3 (16. Bc4 exf3 17. Rxf3 Bg4 18. Rff1 Nd5 19. Ng3 Rfe8
$11) 16... exd3 17. Qxd3 Nd5 18. Bg5 $6 (18. Ng5 f5 $1 19. Bd2 g6 20. Rae1 Re8
$15) (18. Bd2 Re8 $15) 18... f6 19. Bd2 Re8 $1 20. Nf5 Bf8 21. N3h4 $6 g5 $1
22. Nf3 (22. Qg3 Kh8 23. Bxg5 fxg5 24. Qxg5 Bxf5 25. Nxf5 Re6 $17) 22... Qa6 $1
23. Qxa6 Bxa6 24. Rfe1 Kf7 25. Ng3 c5 $1 26. dxc5 Bxc5 27. Ne4 Bf8 28. Nd4 Bb7
$17 29. Nf2 Bc5 30. c3 Rac8 $1 31. Ne4 (31. Kg1 Rxe1+ 32. Rxe1 Bxd4 33. cxd4
Rc2 $19) 31... Rxe4 $1 32. Rxe4 Nxc3 33. Ree1 (33. Rg4 h5 34. bxc3 hxg4 $19) (
33. Re6 Ne4 $1 34. Rxe4 Bxe4 $19) 33... Bxd4 34. bxc3 bxc3 35. Be3 Bxe3 36.
Rxe3 c2 (36... c2 37. Rc1 Rd8 38. Kg1 Rd1+ 39. Re1 Rd2 $19) 0-1

[Event "Empresa International"]
[Site "?"]
[Date "2008.08.26"]
[Round "3"]
[White "Akobian, Varuzhan"]
[Black "Bluvshtein, Mark"]
[Result "1-0"]
[WhiteElo "2610"]
[BlackElo "2548"]
[Annotator "GM Akobian"]
[PlyCount "71"]

1. d4 Nf6 2. c4 e6 3. Nf3 c5 4. d5 exd5 5. cxd5 d6 6. Nc3 g6 7. g3 Bg7 8. Bg2
O-O 9. O-O Re8 10. Bf4 a6 11. a4 Nh5 12. Bg5 Bf6 13. Bxf6 Nxf6 14. Nd2 Nbd7 15.
e4 Rb8 16. a5 Qc7 17. h3 c4 18. Kh2 b5 19. axb6 Rxb6 20. Qc2 Ne5 21. f4 Nd3 22.
Na4 Rb7 23. Qc3 $1 $18 Nd7 24. Nxc4 N7c5 25. Nxc5 Nxc5 26. e5 dxe5 27. d6 Qd7
28. b4 Na4 29. Qb3 Nc5 30. Qa3 Ne4 31. fxe5 Qb5 32. Na5 (32. Qd3 $1 Nd2 33.
Qxd2 Qxc4 34. Bxb7 Bxb7 35. Rac1 $18) 32... Rxe5 33. Nxb7 Bxb7 34. Rad1 Rh5 (
34... Nxd6 35. Rxd6 Re2 36. Rd8+ Kg7 37. Qc3+ Kh6 38. Qc1+ Kg7 39. Rxf7+ Kxf7
40. Qf1+ Ke6 41. Qxe2+ Qxe2 42. Re8+ $14) 35. d7 Rxh3+ 36. Bxh3 1-0

[Event "Spice Cup"]
[Site "?"]
[Date "2008.09.25"]
[Round "6"]
[White "Stefansson, Hannes"]
[Black "Akobian, Varuzhan"]
[Result "0-1"]
[WhiteElo "2566"]
[BlackElo "2610"]
[Annotator "GM Akobian"]
[PlyCount "74"]
[EventDate "2008.09.19"]

1. d4 d5 2. c4 e6 3. Nc3 c5 4. cxd5 exd5 5. Nf3 Nc6 6. g3 Nf6 7. Bg2 Be7 8. O-O
O-O 9. Bg5 c4 10. Ne5 Be6 11. Nxc6 bxc6 12. e3 Nd7 13. Bxe7 Qxe7 14. Na4 Rab8
15. Qc2 Rb4 $1 16. b3 Rfb8 17. Rfd1 g6 $1 $15 18. Qc1 Qd6 19. Rd2 Bf5 20. Nc3
cxb3 21. axb3 Rxb3 22. Rda2 Qb4 23. Ra3 Rb2 24. Ra4 Qb3 25. R4a3 Rc2 26. Qe1
Qb4 27. Bf3 Rb7 28. g4 Be6 29. Na4 Qe7 30. Be2 h5 31. Bd3 Qh4 $1 32. Bxc2 Qxg4+
33. Kf1 Qf3 34. Qa5 Nb6 $3 35. Ke1 (35. Bd3 $8 Nxa4 36. Kg1 $1 Qg4+ 37. Kh1 (
37. Kf1 Rb2 38. Qe1 Qh4 39. Kg1 Qg5+ 40. Kh1 Bg4 $19) 37... Nb2 38. Bf1 Nc4 $19
) 35... Nc4 36. Qd8+ Kg7 37. Qg5 Bg4 0-1

[Event "Carlos Torre Memorial"]
[Site "Dresden GER"]
[Date "2008.12.18"]
[Round "3"]
[White "Akobian, Varuzhan"]
[Black "Shulman, Yuri"]
[Result "1-0"]
[WhiteElo "2606"]
[BlackElo "2616"]
[Annotator "GM Akobian"]
[PlyCount "101"]
[EventDate "2008.11.13"]

1. d4 d5 2. c4 e6 3. Nf3 c6 4. Qc2 Nf6 5. g3 dxc4 6. Qxc4 b5 7. Qc2 (7. Qd3 $5
Bb7 8. Bg2 Nbd7 9. O-O a6 10. a4 c5 11. axb5 Be4 12. Qd1 axb5 13. Rxa8 Qxa8 14.
Nc3 Bc6) 7... Bb7 8. Bg2 Nbd7 9. a4 c5 10. O-O cxd4 11. Nxd4 Bxg2 12. Kxg2 Rc8
(12... bxa4 13. Rd1 Nc5 14. Nxe6 $16) 13. Qd3 b4 (13... bxa4 14. Rxa4 Bc5 15.
Rd1 O-O 16. Nc3 Qc7 $11) 14. Nd2 Be7 $11 15. N2b3 (15. Qa6 Nc5 16. Qb5+ Qd7 17.
N2b3 O-O 18. Qxd7 Nfxd7 $11) 15... O-O 16. Bd2 Nc5 $6 (16... Ne5 $1 17. Qb5
Qd5+ (17... Bc5 $5 18. Nxc5 Qd5+ 19. Nf3 Nxf3 (19... Rxc5 20. Qxb4 a5 21. Qf4
Nxf3 22. exf3) 20. exf3 Qxd2 21. Rfd1 Qxb2 22. Rab1 $11) 18. f3 (18. Qxd5 Nxd5
19. Rfc1 Nc4 20. e4 Nf6 21. f3 Rfd8 $15)) 17. Nxc5 Bxc5 18. Nb3 Qxd3 19. exd3
Nd5 20. Rfc1 Be7 21. a5 Bf6 22. d4 Rfd8 (22... e5 23. Rc5 Rxc5 24. dxc5 e4 25.
Re1 Bxb2 26. Rxe4 $14) 23. Kf3 Kf8 (23... g5 24. Ke4 h5 (24... Kg7 25. Rxc8
Rxc8 26. Rc1 Rxc1 27. Nxc1 Bd8 28. a6 Nc7 29. Bxb4 Nxa6 30. Bc5 $14) 25. Rxc8
Rxc8 26. Rc1) 24. Ke4 Ke7 25. Rxc8 Rxc8 26. Rc1 Rxc1 27. Nxc1 Kd7 28. Kd3 Bd8
29. Nb3 Kc6 30. Kc4 Be7 (30... a6 31. Bxb4 (31. h4 h6 32. h5 Nf6 33. Bxb4 Nxh5
34. Nc5 $16) 31... Nxb4 32. Kxb4 Kd5 33. Kc3 g5 34. Kd3 Bf6) 31. Nc1 Bd8 32.
Bxb4 $138 Nxb4 33. Kxb4 Kd5 (33... a6 34. Ka4 (34. Nb3 Kd5 35. Kc3 g5 36. g4)
34... Kd5 (34... Bf6 35. Nb3 e5 36. Nc5 e4 37. Nxe4 Bxd4) 35. b4 Kxd4 36. Nb3+
Kd5 37. Nc5 $18) 34. Kb5 Kxd4 35. b4 $1 Kc3 (35... e5 36. Ka6 Kc4 37. Na2 $18)
36. Na2+ $1 Kb3 37. Ka6 Bf6 (37... Kxa2 38. Kxa7 Kb3 39. a6 Kxb4 40. Kb7 Bf6
41. a7 $18) 38. Kxa7 Bd4+ 39. Kb7 Bxf2 40. a6 Ka4 41. Kc6 e5 42. b5 Ka5 43. Nc1
e4 44. Nb3+ Kb4 45. b6 Kxb3 46. a7 e3 47. b7 e2 48. b8=Q+ Kc2 49. a8=Q e1=Q 50.
Qa2+ Kd3 51. Qbb1+ 1-0